Ulrich, Hans G., Eschatologie und Ethik: [Rezension]

Saved in:  
Bibliographic Details
Main Author: Stock, Eberhard 1933- (Author)
Format: Print Review
Language:German
Check availability: HBZ Gateway
Interlibrary Loan:Interlibrary Loan for the Fachinformationsdienste (Specialized Information Services in Germany)
Published: 1989
In: Theologische Literaturzeitung
Year: 1989, Volume: 114, Issue: 11, Pages: 843-845
Review of:Eschatologie und Ethik (München : Kaiser, 1988) (Stock, Eberhard)
Further subjects:B Book review
Parallel Edition:Electronic

MARC

LEADER 00000caa a2200000 c 4500
001 1453601953
003 DE-627
005 20240705203519.0
007 tu
008 130614s1989 xx ||||| o 00| ||ger c
035 |a (DE-627)1453601953 
035 |a (DE-576)383601959 
035 |a (DE-599)BSZ383601959 
040 |a DE-627  |b ger  |c DE-627  |e rakwb 
041 |a ger 
084 |a 1  |2 ssgn 
100 1 |0 (DE-588)12360396X  |0 (DE-627)082655138  |0 (DE-576)163203431  |4 aut  |a Stock, Eberhard  |d 1933- 
109 |a Stock, Eberhard 1933- 
245 1 0 |a Ulrich, Hans G., Eschatologie und Ethik  |b [Rezension]  |c Eberhard Stock 
264 1 |c 1989 
336 |a Text  |b txt  |2 rdacontent 
337 |a ohne Hilfsmittel zu benutzen  |b n  |2 rdamedia 
338 |a Band  |b nc  |2 rdacarrier 
601 |a Eschatologie 
601 |a Rezension 
655 7 |a Rezension  |0 (DE-588)4049712-4  |0 (DE-627)106186019  |0 (DE-576)209083166  |2 gnd-content 
773 0 8 |i In  |t Theologische Literaturzeitung  |d Leipzig : Ev. Verl.-Anst., 1876  |g 114(1989), 11, Seite 843-845  |w (DE-627)129081191  |w (DE-600)3418-6  |w (DE-576)014414023  |x 0040-5671  |7 nnas 
773 1 8 |g volume:114  |g year:1989  |g number:11  |g pages:843-845 
776 0 8 |i Erscheint auch als  |n Online-Ausgabe  |a Stock, Eberhard, 1933 -   |t Ulrich, Hans G., Eschatologie und Ethik  |d 1989  |w (DE-627)152110574X  |w (DE-576)451105745  |k Electronic 
787 0 8 |i Rezension von  |a Ulrich, Hans G., 1942 -   |t Eschatologie und Ethik  |d München : Kaiser, 1988  |h 329 Seiten  |w (DE-627)024132012  |w (DE-576)016334035  |z 3459017635 
951 |a AR 
ELC |b 1 
ITA |a 1  |t 1 
LOK |0 000 xxxxxcx a22 zn 4500 
LOK |0 001 2749468043 
LOK |0 003 DE-627 
LOK |0 004 1453601953 
LOK |0 005 20130614140323 
LOK |0 008 130614||||||||||||||||ger||||||| 
LOK |0 040   |a DE-21  |c DE-627  |d DE-21 
LOK |0 852   |a DE-21 
LOK |0 852 1  |c Gd 114.4-114.1989  |9 00 
LOK |0 935   |a ixrz  |a theo 
LOK |0 939   |a 14-06-13  |b l01 
ORI |a SA-MARC-ixtheoa001.raw